AU LIBRARIES
Centralized Library System Across Seven Campuses

Macroeconomics (Record no. 47324)

MARC details
000 -LEADER
fixed length control field 00416nam a22001697a 4500
005 - DATE AND TIME OF LATEST TRANSACTION
control field 20260416094047.0
008 - FIXED-LENGTH DATA ELEMENTS--GENERAL INFORMATION
fixed length control field 260416b |||||||| |||| 00| 0 eng d
020 ## - INTERNATIONAL STANDARD BOOK NUMBER
ISBN 978-1-4641-8289-1
082 ## - DEWEY DECIMAL CLASSIFICATION NUMBER
Classification number 339
Author Mark MAG
100 ## - MAIN ENTRY--AUTHOR
Author Name Mankiw, Gregory
245 ## - TITLE STATEMENT
Title Macroeconomics
250 ## - EDITION STATEMENT
Edition statement 9th
260 ## - PUBLICATION, DISTRIBUTION, ETC.
Place of Publication NYC, 41 Madison Avenue
Name of publisher, distributor, etc. Worth publishers
Date of publication, distribution, etc. 2016
300 ## - PHYSICAL DESCRIPTION
Pages 642
650 ## - SUBJECT ADDED ENTRY--TOPICAL TERM
Subject / Department Management Science
942 ## - ADDED ENTRY ELEMENTS (KOHA)
Koha item type Book
Holdings
Withdrawn status Lost status Damaged status Not for loan Collection code Permanent Location Current Location Shelving Location Date acquired Price Total Checkouts Full Call Number Accession No./Barcode Date last seen Koha item type
        Management Science Air University Kharian Campus Library Air University Kharian Campus Library Management Science 04/16/2026 2366.00 1 339 MAG AUKHP0696 04/16/2026 Book
Air University Sector E-9, Islamabad Pakistan
Email: librarian@au.edu.pk  Tel : +0092 51 9262612 Ext: 631